[Event "Eforie Nord op"]
[Site "Eforie Nord"]
[Date "2002.??.??"]
[Round "4"]
[White "Moise, Dorin"]
[Black "Moldovan, Daniel"]
[Result "1/2-1/2"]
[WhiteElo "2249"]
[BlackElo "2462"]
[PlyCount "21"]
[EventDate "2002.??.??"]
[EventType "swiss"]
[EventRounds "11"]
[EventCountry "ROU"]
[SourceTitle "EXT 2003"]
[Source "ChessBase"]
[SourceDate "2002.11.25"]
[SourceVersion "1"]
[SourceVersionDate "2002.11.25"]
[SourceQuality "1"]

1. Nf3 Nf6 2. d4 e6 3. c4 d5 4. Nc3 Bb4 5. Qc2 0-0 6. e3 c6 7. cxd5 exd5 8. Bd3 Nbd7 9. 0-0 Re8 10. Bd2 Nf8 11. Rac1 1/2-1/2

[Event "ROM-chT"]
[Site "Romania"]
[Date "1992.??.??"]
[Round "?"]
[White "Vasilescu, Lucian Mihail"]
[Black "Moise, Dorin"]
[Result "1/2-1/2"]
[WhiteElo "2385"]
[BlackElo "2255"]
[PlyCount "88"]
[EventDate "1992.??.??"]
[EventType "team"]
[EventRounds "9"]
[EventCountry "ROU"]
[SourceTitle "EXT 1997"]
[Source "ChessBase"]
[SourceDate "1996.11.15"]
[SourceVersion "1"]
[SourceVersionDate "1996.11.15"]
[SourceQuality "1"]

1. d4 d5 2. c4 e6 3. Nf3 Be7 4. Nc3 Nf6 5. Bg5 h6 6. Bh4 0-0 7. e3 b6 8. Rc1 Bb7 9. Bd3 Nbd7 10. cxd5 exd5 11. 0-0 c5 12. Bb1 c4 13. Qc2 g6 14. Bg3 a6 15. Ne5 Nxe5 16. dxe5 Nh5 17. Rfd1 b5 18. Rd4 Nxg3 19. hxg3 Bc5 20. Rd2 Qe7 21. Nxd5 Qxe5 22. Rcd1 Rac8 23. Nf4 Bc6 24. a3 Rfe8 25. Nd5 Kg7 26. Nb4 Bb7 27. Rd7 Re7 28. R1d2 a5 29. Na2 Bc6 30. Rd8 Rxd8 31. Rxd8 Bb6 32. Rd1 Rd7 33. Nc3 Rxd1+ 34. Nxd1 Bd5 35. Ba2 Be4 36. Qc1 Bd3 37. a4 Kf6 38. axb5 Qxb5 39. Nc3 Qc6 40. Qd1 Kg7 41. Nb1 Bd8 42. Na3 Bf6 43. Qd2 Qa4 44. f3 Qb4 1/2-1/2